<?xml version="1.0" encoding="UTF-8"?>
<record
    xmlns:xsi="http://www.w3.org/2001/XMLSchema-instance"
    xsi:schemaLocation="http://www.loc.gov/MARC21/slim http://www.loc.gov/standards/marcxml/schema/MARC21slim.xsd"
    xmlns="http://www.loc.gov/MARC21/slim">

  <leader>01515nam a22001697a 4500</leader>
  <datafield tag="999" ind1=" " ind2=" ">
    <subfield code="c">25517</subfield>
    <subfield code="d">25517</subfield>
  </datafield>
  <datafield tag="020" ind1=" " ind2=" ">
    <subfield code="a">9781108433792</subfield>
  </datafield>
  <datafield tag="082" ind1=" " ind2=" ">
    <subfield code="a">338.3420954</subfield>
    <subfield code="b">BAR-M</subfield>
  </datafield>
  <datafield tag="100" ind1=" " ind2=" ">
    <subfield code="a">Barnes, Tom</subfield>
  </datafield>
  <datafield tag="245" ind1=" " ind2=" ">
    <subfield code="a">Making cars in the new India</subfield>
    <subfield code="b">: industry,precarity and informality</subfield>
  </datafield>
  <datafield tag="260" ind1=" " ind2=" ">
    <subfield code="a">United Kingdom</subfield>
    <subfield code="b"> Cambridge University Press</subfield>
    <subfield code="c">2018</subfield>
  </datafield>
  <datafield tag="300" ind1=" " ind2=" ">
    <subfield code="a">xvi, 261p.</subfield>
  </datafield>
  <datafield tag="440" ind1=" " ind2=" ">
    <subfield code="a">Development trajectories in global value chains</subfield>
  </datafield>
  <datafield tag="504" ind1=" " ind2=" ">
    <subfield code="a">includes appendix, bibliography and index</subfield>
  </datafield>
  <datafield tag="520" ind1=" " ind2=" ">
    <subfield code="a">Auto manufacturing holds the promise of employing many young Indians in relatively well-paid, high-skill employment, but this promise is threatened by the industry's role as a site of immense conflict in recent years. This book asks: how do we explain this conflict? What are the implications of conflict for the ambitious economic development agendas of Indian governments? Based upon extensive field research in India's National Capital Region, this book is the first to focus on labour relations in the Indian auto industry. It proposes the theory that conflict in the auto industry has been driven by twin forces: first, the intersection of global networks of auto manufacturing with regional social structures which have always relied on informal and precariously-employed workers; and, second, the systematic displacement of securely-employed 'regular workers' by waves of precariously-employed 'de facto informal workers'.</subfield>
  </datafield>
  <datafield tag="650" ind1=" " ind2=" ">
    <subfield code="a">Automobile industry </subfield>
    <subfield code="a">Construction industry</subfield>
    <subfield code="a">Trade</subfield>
    <subfield code="v">Manufacturing processes</subfield>
    <subfield code="z">India</subfield>
  </datafield>
  <datafield tag="942" ind1=" " ind2=" ">
    <subfield code="2">ddc</subfield>
    <subfield code="c">BK</subfield>
  </datafield>
  <datafield tag="952" ind1=" " ind2=" ">
    <subfield code="0">0</subfield>
    <subfield code="1">0</subfield>
    <subfield code="4">0</subfield>
    <subfield code="7">0</subfield>
    <subfield code="a">NASSDOC</subfield>
    <subfield code="b">NASSDOC</subfield>
    <subfield code="d">2019-03-25</subfield>
    <subfield code="e">OP</subfield>
    <subfield code="i">2019-03-26</subfield>
    <subfield code="l">0</subfield>
    <subfield code="o">338.3420954 BAR-M</subfield>
    <subfield code="p">50249</subfield>
    <subfield code="r">2019-08-29 00:00:00</subfield>
    <subfield code="w">2019-03-26</subfield>
    <subfield code="y">BK</subfield>
  </datafield>
</record>
